Phenomenon of Islamic fundamentalism

Na minha lista:
Detalhes bibliográficos
Autor principal: Čech, Ľubomír, 1955-
Formato: Capítulo de Livro
Idioma:inglês
Tags: Adicionar Tag
Sem tags, seja o primeiro a adicionar uma tag!

MARC

LEADER 00000naa$a2200000$$$4500
001 0136195
005 20240502083328.5
041 0 |a eng 
044 |a PL 
245 1 0 |a Phenomenon of Islamic fundamentalism  |c Ľubomír Čech 
100 1 |a Čech, Ľubomír, 1955-